LEADER 00565nam a2200193 i 4500 001 000000251401 003 CaOOAMICUS 005 20251006163900.0 008 161108n it u000 u ita u 013 $a230306 040 $aSeMil$bita 245 10$a2. 300 $a184 p. 773 0 $t3: I reperti.$dMilano : ET, 1991.$g2$w()8390 850 $aSeMil 852 $aSeMil$W1$xVenegono$y1$m3.SOVR IV 13/4$j262858$B201747$CSeMilBibl$Z2$F214528 $81 961 $aOmaggio: Giudici Ecc. Giovanni 996 $6245$a2$9(OLS)http://semarc/title/46889 LEADER 00844nas a2200217 i 4500 001 000000235202 003 CaOOAMICUS 005 20141031000000.0 008 141031b1990 it uu u0 0ita r 013 $a214105 040 $aSeMil$bita 245 10$a1990 :$bgiugno. 260 $aComo :$bNew Press,$c1990. 300 $a1 v. :$bill. ;$c25 cm. 700 1 $aSocietà Archeologica Comense .$0(OLS)http://semarc/name/2232 773 0 $tRivista Archeologica dell'Antica Provincia e Diocesi di Como.$dComo : Litotipografia Malinverno $x0080-3235$w()2809 774 0 $t[vedi periodico].$w()282298 850 $aSeMil 852 $aSeMil$W1$xVenegono$y1$m38 6 172/1$j185548$B185548$CSeMilBibl$Z2$F196452 $85 996 $6245$a1990 :$bgiugno$9(OLS)http://semarc/title/335407 996 $6260$aComo :$bNew Press$9(OLS)http://semarc/publisher/29641